[Event "Mukachevo Rating 41st"]
[Site "Mukachevo"]
[Date "2019.10.06"]
[Round "9"]
[White "Vachylya, Andriy"]
[Black "Oros, Robert"]
[Result "1/2-1/2"]
[WhiteElo "2201"]
[BlackElo "2284"]
[PlyCount "60"]
[EventDate "2019.10.01"]
[EventType "tourn"]
[EventRounds "9"]
[EventCountry "UKR"]
[SourceTitle "EXT 2020"]
[Source "ChessBase"]
[SourceDate "2019.10.17"]
[SourceVersion "1"]
[SourceVersionDate "2019.10.17"]
[SourceQuality "1"]

1. c4 e5 2. Nc3 Nf6 3. Nf3 e4 4. Nd4 Nc6 5. Nxc6 dxc6 6. d3 Bb4 7. Qc2 exd3 8. exd3 0-0 9. Be2 Re8 10. 0-0 Bc5 11. Ne4 Bd4 12. Bg5 h6 13. Nxf6+ Bxf6 14. Bxf6 Qxf6 15. Rad1 Bf5 16. Qd2 Qg5 17. d4 Qxd2 18. Rxd2 Rxe2 19. Rxe2 Bd3 20. Re7 Bxf1 21. Kxf1 Rc8 22. Ke2 Kf8 23. Re5 Re8 24. Kd3 Re7 25. Ke4 f6 26. Rxe7 Kxe7 27. h4 h5 28. b4 g6 29. f4 Ke6 30. a4 f5+ 1/2-1/2

[Event "Mukachevo Rating 41st"]
[Site "Mukachevo"]
[Date "2019.10.02"]
[Round "2"]
[White "Petrovskiy, Vadim1111"]
[Black "Oros, Robert"]
[Result "1-0"]
[WhiteElo "2197"]
[BlackElo "2284"]
[PlyCount "58"]
[EventDate "2019.10.01"]
[EventType "tourn"]
[EventRounds "9"]
[EventCountry "UKR"]
[SourceTitle "EXT 2020"]
[Source "ChessBase"]
[SourceDate "2019.10.17"]
[SourceVersion "1"]
[SourceVersionDate "2019.10.17"]
[SourceQuality "1"]

1. e4 e5 2. Nf3 Nc6 3. Bc4 Be7 4. d4 d6 5. 0-0 Nf6 6. Nc3 Bg4 7. d5 Nd4 8. Be3 Nxf3+ 9. gxf3 Bh3 10. Re1 Nh5 11. Qd2 g5 12. Ne2 Nf4 13. Ng3 Qc8 14. Bd3 0-0 15. Nf5 Bxf5 16. exf5 f6 17. Be4 Rf7 18. Kh1 Rg7 19. c4 c5 20. dxc6 bxc6 21. b4 a6 22. Rec1 Rb8 23. b5 c5 24. Rab1 axb5 25. cxb5 d5 26. Bxd5+ Nxd5 27. Qxd5+ Kh8 28. Qe4 Bf8 29. a4 Rgb7 1-0

[Event "Mukachevo Rating 41st"]
[Site "Mukachevo"]
[Date "2019.10.01"]
[Round "1"]
[White "Oros, Robert"]
[Black "Rytenko, Vsevolod"]
[Result "1/2-1/2"]
[WhiteElo "2284"]
[BlackElo "2387"]
[PlyCount "60"]
[EventDate "2019.10.01"]
[EventType "tourn"]
[EventRounds "9"]
[EventCountry "UKR"]
[SourceTitle "EXT 2020"]
[Source "ChessBase"]
[SourceDate "2019.10.17"]
[SourceVersion "1"]
[SourceVersionDate "2019.10.17"]
[SourceQuality "1"]

1. Nf3 g6 2. d4 Bg7 3. Nc3 d5 4. Bf4 Nf6 5. e3 0-0 6. Be2 c5 7. Ne5 Nc6 8. Qd2 cxd4 9. exd4 Nxe5 10. Bxe5 Bf5 11. Bf3 Rc8 12. 0-0 Be4 13. Bxf6 Bxf6 14. Nxe4 dxe4 15. Bxe4 Qxd4 16. Qxd4 Bxd4 17. c3 Bf6 18. Rad1 Rc7 19. a4 b6 20. g3 e6 21. Rd2 Rd8 22. Rfd1 Rxd2 23. Rxd2 Kf8 24. Kf1 Ke7 25. Ke2 Rd7 26. Rxd7+ Kxd7 27. Kd3 Kc7 28. Kc4 Be7 29. b4 Bf6 30. Kd3 Kd6 1/2-1/2

[Event "Mukachevo Rating 40th"]
[Site "Mukachevo"]
[Date "2019.08.14"]
[Round "4"]
[White "Shkuran, Danylo"]
[Black "Oros, Robert"]
[Result "1/2-1/2"]
[WhiteElo "2349"]
[BlackElo "2321"]
[PlyCount "63"]
[EventDate "2019.08.12"]
[EventType "tourn"]
[EventRounds "9"]
[EventCountry "UKR"]
[SourceTitle "CBM 191 Extra"]
[Source "ChessBase"]
[SourceDate "2019.09.30"]
[SourceVersion "1"]
[SourceVersionDate "2019.09.30"]
[SourceQuality "1"]

1. e4 e5 2. Nf3 Nf6 3. Nxe5 Nxe4 4. Qe2 Qe7 5. Qxe4 d6 6. d4 dxe5 7. Qxe5 Qxe5+ 8. dxe5 Nc6 9. Bb5 Bd7 10. Be3 Nxe5 11. Bxd7+ Nxd7 12. Nd2 Bc5 13. Bxc5 Nxc5 14. 0-0-0 0-0-0 15. Nb3 Nxb3+ 16. axb3 Rxd1+ 17. Rxd1 Re8 18. Kd2 Kd7 19. Ra1 a6 20. Ra4 Re5 21. Rh4 h6 22. Rd4+ Ke6 23. Rb4 b6 24. Ra4 Rf5 25. Ke2 Rh5 26. h3 a5 27. Rc4 Kd6 28. Rf4 Re5+ 29. Kd2 f5 30. Rd4+ Rd5 31. Rxd5+ Kxd5 32. Kd3 1/2-1/2

[Event "Mukachevo Rating 40th"]
[Site "Mukachevo"]
[Date "2019.08.13"]
[Round "2"]
[White "Oros, Robert"]
[Black "Rytenko, Vsevolod"]
[Result "1/2-1/2"]
[WhiteElo "2321"]
[BlackElo "2310"]
[PlyCount "61"]
[EventDate "2019.08.12"]
[EventType "tourn"]
[EventRounds "9"]
[EventCountry "UKR"]
[SourceTitle "CBM 191 Extra"]
[Source "ChessBase"]
[SourceDate "2019.09.30"]
[SourceVersion "1"]
[SourceVersionDate "2019.09.30"]
[SourceQuality "1"]

1. Nf3 g6 2. e4 Bg7 3. d4 c6 4. c3 d5 5. e5 Bg4 6. Be2 Nd7 7. Ng5 Bxe2 8. Qxe2 e6 9. 0-0 h6 10. Nf3 Ne7 11. Rd1 Qc7 12. c4 dxc4 13. Qxc4 Nb6 14. Qc2 Nbd5 15. Nbd2 0-0 16. Ne4 Rad8 17. Bd2 g5 18. h4 g4 19. Nh2 h5 20. Bg5 f6 21. exf6 Nxf6 22. Nf1 Nf5 23. Nfg3 Qf7 24. Nxf5 exf5 25. Bxf6 Bxf6 26. Nxf6+ Qxf6 27. Qb3+ Qf7 28. Qc2 Qf6 29. Qb3+ Qf7 30. Qc2 Qf6 31. Qb3+ 1/2-1/2

[Event "Mukachevo Rating 39th"]
[Site "Mukachevo"]
[Date "2019.06.25"]
[Round "2"]
[White "Priehoda, Vitezslav"]
[Black "Oros, Robert"]
[Result "1/2-1/2"]
[WhiteElo "2361"]
[BlackElo "2321"]
[PlyCount "60"]
[EventDate "2019.06.24"]
[EventType "tourn"]
[EventRounds "9"]
[EventCountry "UKR"]
[EventCategory "1"]
[SourceTitle "CBM 191 Extra"]
[Source "ChessBase"]
[SourceDate "2019.09.30"]
[SourceVersion "1"]
[SourceVersionDate "2019.09.30"]
[SourceQuality "1"]

1. d4 Nf6 2. c4 e6 3. Nf3 d5 4. Nc3 Nbd7 5. Bg5 Be7 6. e3 0-0 7. h3 a6 8. c5 Ne4 9. Bxe7 Qxe7 10. Qc2 Nxc3 11. Qxc3 c6 12. Bd3 Re8 13. Qc2 g6 14. 0-0 e5 15. Nxe5 Nxe5 16. dxe5 Qxe5 17. Rfe1 Be6 18. Rad1 Rad8 19. Bf1 Bf5 20. Qd2 Bc8 21. Qb4 Qg5 22. g3 h5 23. Rd4 Re5 24. Bg2 Qe7 25. Qc3 Re8 26. Red1 Bf5 27. Rb4 Be4 28. Bxe4 Rxe4 29. Rdd4 Re5 30. Rb6 Rd8 1/2-1/2

[Event "Mukachevo Rating 38th"]
[Site "Mukachevo"]
[Date "2019.05.11"]
[Round "4"]
[White "Tran, David"]
[Black "Oros, Robert"]
[Result "0-1"]
[WhiteElo "2070"]
[BlackElo "2316"]
[PlyCount "56"]
[EventDate "2019.05.09"]
[EventType "tourn"]
[EventRounds "9"]
[EventCountry "UKR"]
[EventCategory "2"]
[SourceTitle "CBM 190 Extra"]
[Source "ChessBase"]
[SourceDate "2019.07.15"]
[SourceVersion "1"]
[SourceVersionDate "2019.07.15"]
[SourceQuality "1"]

1. e4 c5 2. Nc3 Nc6 3. g3 g6 4. Bg2 Bg7 5. d3 d6 6. f4 e6 7. Nf3 Nge7 8. 0-0 0-0 9. Be3 Nd4 10. e5 Nef5 11. Bf2 Nxf3+ 12. Bxf3 dxe5 13. Bxc5 exf4 14. Bxf8 Qxf8 15. gxf4 Ne3 16. Qd2 Nxf1 17. Rxf1 Qb4 18. Rb1 Bh6 19. Qg2 Bd7 20. Bxb7 Rb8 21. Bf3 Bg7 22. Ne4 f5 23. Nf2 Qxf4 24. b3 Qe3 25. Kf1 Rc8 26. Nd1 Qf4 27. Kg1 Bd4+ 28. Kh1 Rxc2 0-1

[Event "HUN-chT2 Barcza 1819"]
[Site "Hungary"]
[Date "2019.02.10"]
[Round "7.3"]
[White "Oros, Robert"]
[Black "Rat, Dan Ovidiu"]
[Result "1-0"]
[WhiteElo "2325"]
[BlackElo "2256"]
[PlyCount "85"]
[EventDate "2018.09.23"]
[EventType "team-tourn"]
[EventRounds "11"]
[EventCountry "HUN"]
[SourceTitle "CBM 189 Extra"]
[Source "ChessBase"]
[SourceDate "2019.06.03"]
[SourceVersion "1"]
[SourceVersionDate "2019.06.03"]
[SourceQuality "1"]
[WhiteTeam "Nyiregyhaza SISE"]
[BlackTeam "Szirmabesenyo"]
[WhiteTeamCountry "HUN"]
[BlackTeamCountry "HUN"]

1. Nf3 d6 2. d4 Nf6 3. Bf4 Nh5 4. Qd2 Nxf4 5. Qxf4 e6 6. Nc3 a6 7. e4 Nd7 8. e5 dxe5 9. dxe5 Bc5 10. Bd3 Qe7 11. 0-0-0 Bb6 12. Qg3 Qf8 13. Ne4 Ba7 14. Rd2 Nb6 15. Neg5 h6 16. Nxf7 Kxf7 17. Bg6+ Kg8 18. Rhd1 Nd5 19. c4 c6 20. cxd5 cxd5 21. Nd4 Bd7 22. Kb1 Rc8 23. Rd3 Qe7 24. Rf3 Rf8 25. Rxf8+ Qxf8 26. Rd3 Qe7 27. h4 h5 28. Rf3 Be8 29. Rc3 Qd7 30. Bxe8 Qxe8 31. Rc7 Rh7 32. Nc6 bxc6 33. Rxa7 g6 34. Rxa6 Rc7 35. Qa3 Qf7 36. Qd6 Kg7 37. a3 Qf5+ 38. Ka1 Rf7 39. f3 Qd3 40. Rxc6 Qf1+ 41. Ka2 Qxg2 42. Qxe6 d4 43. Rd6 1-0

[Event "Mukachevo Rating 36th"]
[Site "Mukachevo"]
[Date "2019.01.11"]
[Round "4"]
[White "Oros, Robert"]
[Black "Petrovskiy, Vadim1111"]
[Result "1-0"]
[WhiteElo "2312"]
[BlackElo "2205"]
[PlyCount "59"]
[EventDate "2019.01.09"]
[EventType "tourn"]
[EventRounds "9"]
[EventCountry "UKR"]
[EventCategory "2"]
[SourceTitle "CBM 188 Extra"]
[Source "ChessBase"]
[SourceDate "2019.02.26"]
[SourceVersion "1"]
[SourceVersionDate "2019.02.26"]
[SourceQuality "1"]

1. e4 c5 2. Nc3 Nc6 3. g3 g6 4. Bg2 Bg7 5. d3 d6 6. Be3 Nf6 7. h3 0-0 8. Nge2 Rb8 9. d4 cxd4 10. Nxd4 Nxd4 11. Bxd4 a6 12. 0-0 b5 13. Nd5 Nxd5 14. exd5 e5 15. dxe6 Bxe6 16. Bxg7 Kxg7 17. Qd2 Qc7 18. Rfd1 Rfd8 19. a3 Rbc8 20. Qd4+ Kg8 21. Rd2 Qd7 22. g4 Qc7 23. Re1 Qa5 24. c3 Qa4 25. Qf6 Qb3 26. h4 Re8 27. h5 Qc4 28. h6 Kf8 29. Rxd6 Qxg4 30. Rd7 1-0

[Event "HUN-chT2 Barcza 1819"]
[Site "Hungary"]
[Date "2018.12.02"]
[Round "5.3"]
[White "Oros, Robert"]
[Black "Papp, Levente"]
[Result "1/2-1/2"]
[WhiteElo "2325"]
[BlackElo "2259"]
[PlyCount "36"]
[EventDate "2018.09.23"]
[EventType "team-tourn"]
[EventRounds "11"]
[EventCountry "HUN"]
[SourceTitle "CBM 189 Extra"]
[Source "ChessBase"]
[SourceDate "2019.06.03"]
[SourceVersion "1"]
[SourceVersionDate "2019.06.03"]
[SourceQuality "1"]
[WhiteTeam "Nyiregyhaza SISE"]
[BlackTeam "Miskolc Kisbocsok"]
[WhiteTeamCountry "HUN"]
[BlackTeamCountry "HUN"]

1. Nf3 d5 2. g3 Nf6 3. Bg2 e6 4. 0-0 Be7 5. d3 0-0 6. Nbd2 c5 7. e4 Nc6 8. Re1 Qc7 9. Qe2 b5 10. Nf1 b4 11. Bf4 Qb6 12. e5 Nd7 13. h4 Re8 14. Ng5 Ncxe5 15. Bxe5 Nxe5 16. Qxe5 f6 17. Qxd5 exd5 18. Bxd5+ Kh8 1/2-1/2

[Event "HUN-chT2 Barcza 1819"]
[Site "Hungary"]
[Date "2018.11.18"]
[Round "4.3"]
[White "Debreceni, Mate"]
[Black "Oros, Robert"]
[Result "1/2-1/2"]
[WhiteElo "2044"]
[BlackElo "2325"]
[PlyCount "55"]
[EventDate "2018.09.23"]
[EventType "team-tourn"]
[EventRounds "11"]
[EventCountry "HUN"]
[SourceTitle "CBM 189 Extra"]
[Source "ChessBase"]
[SourceDate "2019.06.03"]
[SourceVersion "1"]
[SourceVersionDate "2019.06.03"]
[SourceQuality "1"]
[WhiteTeam "Debrecen Sakkbaratok"]
[BlackTeam "Nyiregyhaza SISE"]
[WhiteTeamCountry "HUN"]
[BlackTeamCountry "HUN"]

1. e4 e5 2. Nf3 Nc6 3. Bc4 Be7 4. d4 d6 5. c3 Nf6 6. Qc2 0-0 7. h3 exd4 8. Nxd4 Nxd4 9. cxd4 d5 10. exd5 Bb4+ 11. Nc3 Re8+ 12. Be3 Nxd5 13. 0-0 Bxc3 14. bxc3 Be6 15. Bd2 c5 16. dxc5 Qc7 17. Bd3 h6 18. c4 Nf4 19. Be4 Ne2+ 20. Kh1 Rad8 21. Be3 f5 22. Qxe2 fxe4 23. Rfd1 Qf7 24. Rxd8 Rxd8 25. Rd1 Rxd1+ 26. Qxd1 Bxc4 27. Qd8+ Kh7 28. a3 1/2-1/2

[Event "Mukachevo Masters"]
[Site "Mukachevo"]
[Date "2018.10.20"]
[Round "6"]
[White "Vypkhaniuk, Igor"]
[Black "Oros, Robert"]
[Result "1-0"]
[WhiteElo "2389"]
[BlackElo "2336"]
[PlyCount "81"]
[EventDate "2018.10.17"]
[EventType "tourn"]
[EventRounds "9"]
[EventCountry "UKR"]
[EventCategory "3"]
[SourceTitle "CBM 186 Extra"]
[Source "ChessBase"]
[SourceDate "2018.08.24"]
[SourceVersion "1"]
[SourceVersionDate "2018.08.24"]
[SourceQuality "1"]

1. c4 c6 2. g3 d5 3. Bg2 Nf6 4. Nf3 Bg4 5. Ne5 Be6 6. cxd5 Bxd5 7. Nf3 c5 8. Nc3 Bc6 9. 0-0 Nbd7 10. d3 e6 11. e4 e5 12. a4 Bd6 13. Nh4 g6 14. Bh6 Bf8 15. Be3 Bg7 16. f4 exf4 17. gxf4 Nh5 18. Nf5 Bxc3 19. bxc3 Qf6 20. Nd4 cxd4 21. Bxd4 Qe7 22. Bxh8 f6 23. e5 Bxg2 24. Kxg2 0-0-0 25. Bxf6 Ndxf6 26. exf6 Qxf6 27. Qf3 Qa6 28. d4 Ng7 29. Kg1 Nf5 30. Rab1 Re8 31. Rfe1 Rxe1+ 32. Rxe1 Qxa4 33. Qd5 Qd7 34. Qxd7+ Kxd7 35. Ra1 a6 36. Kf2 Ne7 37. Kf3 Nd5 38. c4 Ne7 39. Ke4 Nf5 40. Rb1 Kc6 41. Ke5 1-0

[Event "HUN-chT2 Barcza 1718"]
[Site "Hungary"]
[Date "2018.03.25"]
[Round "10.2"]
[White "Oros, Robert"]
[Black "Bunda, Viktor"]
[Result "1/2-1/2"]
[WhiteElo "2277"]
[BlackElo "2305"]
[PlyCount "23"]
[EventDate "2017.09.24"]
[EventType "team-tourn"]
[EventRounds "11"]
[EventCountry "HUN"]
[SourceTitle "EXT 2021"]
[Source "ChessBase"]
[SourceDate "2020.10.23"]
[SourceVersion "1"]
[SourceVersionDate "2020.10.23"]
[SourceQuality "1"]
[WhiteTeam "Nyiregyhaza SISE"]
[BlackTeam "Szirmabesenyo"]
[WhiteTeamCountry "HUN"]
[BlackTeamCountry "HUN"]

1. e4 e5 2. Nf3 Nc6 3. Nc3 Nf6 4. a3 d5 5. exd5 Nxd5 6. Bb5 Nxc3 7. bxc3 Bd6 8. d4 exd4 9. Qe2+ Qe7 10. Qxe7+ Bxe7 11. cxd4 0-0 12. Be3 1/2-1/2

[Event "Mukachevo Rating 34th"]
[Site "Mukachevo"]
[Date "2017.05.20"]
[Round "8"]
[White "Oros, Robert"]
[Black "Tiba, Vladyslav"]
[Result "0-1"]
[WhiteElo "2302"]
[BlackElo "2310"]
[PlyCount "88"]
[EventDate "2017.05.16"]
[EventType "tourn"]
[EventRounds "9"]
[EventCountry "UKR"]
[SourceTitle "CBM 178 Extra"]
[Source "ChessBase"]
[SourceDate "2017.06.22"]
[SourceVersion "1"]
[SourceVersionDate "2017.06.22"]
[SourceQuality "1"]

1. e4 c5 2. Nf3 e6 3. d4 cxd4 4. Nxd4 a6 5. Bd3 Qc7 6. 0-0 Nf6 7. Nd2 Be7 8. c3 Nc6 9. f4 d6 10. N2f3 Nd7 11. Kh1 Rb8 12. Qe1 b5 13. Qg3 Nxd4 14. cxd4 0-0 15. Bd2 f5 16. Rac1 Qb7 17. exf5 exf5 18. Ba5 Nb6 19. Rfe1 Bf6 20. Bb4 Qd7 21. Ng5 Nd5 22. Ba5 Bxg5 23. fxg5 Bb7 24. Bc2 f4 25. Qh4 g6 26. Be4 Rbc8 27. Rxc8 Qxc8 28. Bxd5+ Bxd5 29. Re7 Qc1+ 30. Be1 Rf7 31. Re8+ Rf8 32. Rxf8+ Kxf8 33. b3 f3 34. Qf2 Qf4 35. gxf3 Bxf3+ 36. Kg1 Qxg5+ 37. Qg3 Qf6 38. Bf2 Kg7 39. Be3 h6 40. Qe1 Bd5 41. Qc1 g5 42. Qf1 Qe6 43. Qf2 Qe4 44. Qg3 Qb1+ 0-1

[Event "Lvov rapid Cup"]
[Site "Lvov"]
[Date "2017.05.08"]
[Round "7"]
[White "Oros, Robert"]
[Black "Sergeev, Vladimir"]
[Result "1/2-1/2"]
[WhiteElo "2302"]
[BlackElo "2444"]
[PlyCount "96"]
[EventDate "2017.05.08"]
[EventType "swiss (rapid)"]
[EventRounds "13"]
[EventCountry "UKR"]
[SourceTitle "CBM 178 Extra"]
[Source "ChessBase"]
[SourceDate "2017.06.22"]
[SourceVersion "1"]
[SourceVersionDate "2017.06.22"]
[SourceQuality "1"]

1. e4 Nf6 2. e5 Nd5 3. d4 d6 4. Nf3 Bg4 5. Be2 c6 6. 0-0 Bxf3 7. Bxf3 dxe5 8. dxe5 e6 9. a3 Qc7 10. Qe2 Nd7 11. Re1 Bc5 12. Bxd5 cxd5 13. Nd2 0-0 14. Nf3 Rac8 15. c3 Rfe8 16. Bf4 a6 17. Rad1 b5 18. Nd4 Nf8 19. Bg3 Qb7 20. h4 Bxd4 21. Rxd4 Rc4 22. Red1 Rec8 23. h5 h6 24. f4 a5 25. Be1 R8c6 26. Kh2 Qa7 27. Bf2 Qe7 28. Be1 Rc8 29. Qg4 Rxd4 30. Rxd4 f5 31. exf6 Qxf6 32. Bh4 Qf7 33. g3 Rc4 34. Rxc4 bxc4 35. Bd8 a4 36. Bb6 Qf5 37. Qd1 Nd7 38. Bd4 e5 39. Bxe5 Nxe5 40. Qxd5+ Kh7 41. Qxe5 Qc2+ 42. Kh3 Qxb2 43. Qe4+ Kh8 44. Qe8+ Kh7 45. Qg6+ Kh8 46. Qe8+ Kh7 47. Qe4+ Kh8 48. Qe8+ Kh7 1/2-1/2

[Event "Mukachevo Rating 33rd"]
[Site "Mukachevo"]
[Date "2017.03.22"]
[Round "6"]
[White "Tiba, Vladyslav"]
[Black "Oros, Robert"]
[Result "0-1"]
[WhiteElo "2302"]
[BlackElo "2230"]
[PlyCount "70"]
[EventDate "2017.03.19"]
[EventType "tourn"]
[EventRounds "9"]
[EventCountry "UKR"]
[EventCategory "2"]
[SourceTitle "CBM 177 Extra"]
[Source "ChessBase"]
[SourceDate "2017.04.27"]
[SourceVersion "1"]
[SourceVersionDate "2017.04.27"]
[SourceQuality "1"]

1. e4 e5 2. Nf3 Nf6 3. Nxe5 d6 4. Nf3 Nxe4 5. Nc3 Nf6 6. d4 Be7 7. Bd3 0-0 8. h3 Re8 9. 0-0 Nbd7 10. Re1 Nf8 11. d5 c6 12. a4 Bd7 13. Bf1 Nxd5 14. Nxd5 cxd5 15. Qxd5 Bc6 16. Qd1 Ne6 17. Be3 Qd7 18. a5 Bf6 19. c3 Qc7 20. Be2 b6 21. axb6 axb6 22. Qb3 Nc5 23. Qb4 h6 24. Red1 Rxa1 25. Rxa1 Qb7 26. Qf4 Be5 27. Qg4 Re6 28. Nxe5 dxe5 29. Bc4 Rf6 30. Rd1 Kh7 31. Rd8 Bxg2 32. Bxc5 Rg6 33. Rd7 Qxd7 34. Qxd7 Bxh3+ 35. Kh2 Bxd7 0-1

[Event "HUN-chT2 Barcza 1617"]
[Site "Hungary"]
[Date "2016.12.11"]
[Round "6.3"]
[White "Oros, Robert"]
[Black "Maliar, Anatoliy"]
[Result "1/2-1/2"]
[WhiteElo "2236"]
[BlackElo "2177"]
[PlyCount "31"]
[EventDate "2016.09.25"]
[EventType "team-tourn"]
[EventRounds "11"]
[EventCountry "HUN"]
[SourceTitle "EXT 2021"]
[Source "ChessBase"]
[SourceDate "2020.10.23"]
[SourceVersion "1"]
[SourceVersionDate "2020.10.23"]
[SourceQuality "1"]
[WhiteTeam "Nyiregyhaza SISE"]
[BlackTeam "Kazincbarcika"]
[WhiteTeamCountry "HUN"]
[BlackTeamCountry "HUN"]

1. Nf3 Nf6 2. d4 d5 3. c4 e6 4. Nc3 Be7 5. cxd5 exd5 6. Bg5 h6 7. Bh4 0-0 8. e3 Bg4 9. Bxf6 Bxf6 10. Qb3 c5 11. dxc5 Bxf3 12. gxf3 d4 13. 0-0-0 dxc3 14. Rxd8 cxb2+ 15. Kc2 Rxd8 16. Bc4 1/2-1/2